The Fires of jubilee : (Record no. 8047)

MARC details
000 -LEADER
fixed length control field 00633nam a22002052 4500
001 - CONTROL NUMBER
control field 0000011744
005 - DATE AND TIME OF LATEST TRANSACTION
control field 20151217152101.0
008 - FIXED-LENGTH DATA ELEMENTS--GENERAL INFORMATION
fixed length control field 090106s xx 000 0 eng d
040 ## - CATALOGING SOURCE
Original cataloging agency KABU
Transcribing agency KABU
100 1# - MAIN ENTRY--PERSONAL NAME
Personal name Oates, Stephen B.
-- 0000079516
245 14 - TITLE STATEMENT
Title The Fires of jubilee :
Remainder of title Nat Turner's fierce rebellion /
Statement of responsibility, etc. Stephen B. Oates.
250 ## - EDITION STATEMENT
Edition statement 1st ed.
260 ## - PUBLICATION, DISTRIBUTION, ETC. (IMPRINT)
Place of publication, distribution, etc. New York :
Name of publisher, distributor, etc. Mentor,
Date of publication, distribution, etc. 1976.
300 ## - PHYSICAL DESCRIPTION
Extent ix, 214 p.
600 10 - SUBJECT ADDED ENTRY--PERSONAL NAME
Personal name Turner, Nat,
Dates associated with a name 1800?-1831.
-- 0000039109
650 #0 - SUBJECT ADDED ENTRY--TOPICAL TERM
Topical term or geographic name as entry element Southampton insurrection
Chronological subdivision 1831.
-- 0000167744
852 1# - LOCATION
-- p200 KES
908 ## - PUT COMMAND PARAMETER (RLIN)
Put command parameter 090106
950 ## - LOCAL HOLDINGS (RLIN)
-- 1
Holdings
Withdrawn status Lost status Source of classification or shelving scheme Not for loan Home library Current library Date acquired Total Checkouts Full call number Barcode Date last seen Price effective from Koha item type
    Library of Congress Classification   Kabarak, Main Campus Kabarak, Main Campus 17/12/2015   F232 .S7O22 15862 17/12/2015 17/12/2015 General Collection
Designed with assistance from East African Informatics Ltd